| 000 | 00470nam a2200157 4500 | ||
|---|---|---|---|
| 001 | 108734 | ||
| 003 | ES-MaACL | ||
| 007 | t| | ||
| 008 | 061121s1983 sp r ||||1| spa d | ||
| 020 | _a84-7090-137-0 | ||
| 100 | 1 |
_aMontón, Juan Carlos. _982683 |
|
| 245 | 1 | 3 |
_aLa revolución armada del Dos de Mayo en Madrid / _cJuan Carlos Montón. |
| 260 |
_aMadrid : _bIstmo, _cD. L. 1983. |
||
| 300 |
_a332 p. 41 p. de lám. ; _c24 cm. |
||
| 852 |
_aES-MaACL _jL-8678 _bR.109273 |
||
| 999 |
_c108734 _d108734 |
||